000 00512nam a22001817a 4500
999 _c180213
_d180213
005 20210729122844.0
010 _aENG-129647
020 _a81-89435-32-9
035 _aEN-113179
037 _bDBAD/PUB
082 _a881
_b1
100 _aBHATNAGAR, RASHMI
245 _aTHE MIND AND THE ART OF JOHN TRANTER
_cRASHMI BHATNAGAR
260 _aAJMER
_bCHHAVI
_c2011
270 _a59,KUTCHERY ROAD
_bAJMER
_e305001
_k09413949496
300 _a170 pages
_b22cm(pbk)
942 _2ddc
_cEN
_h881
_kBHA